Lodhéřov, Studnice a Najdek : 1294-2024 : vydáno u příležitosti 730 let první písemné zmínky o obci a 75 let o založení TJ Sokol /

Hlavní autor: Klesalová, Zdeňka
Další autoři: Matoušková, Jitka
Jazyk: Čeština
Vydáno: Jindřichův Hradec : Rain tiskárna s.r.o., 2024
Vydání: První vydání
Témata:
Fyzický popis: 138 stran : ilustrace (převážně barevné), portréty ; 21 cm
Knihy
Uloženo v:
LEADER 01955nam a2200505 i 4500
001 nkc20253698288
003 CZ PrNK
005 20250808095324.0
007 ta
008 250804s2024 xr ac e 000 0 cze
015 |a cnb003698288 
020 |q (Brožováno) 
040 |a BOA001  |b cze  |e rda 
043 |a e-xr---  |b e-xr-jc  |2 czenas 
072 7 |a 94(437)  |x Dějiny Česka a Slovenska  |2 Konspekt  |9 8 
080 |a 94(437.319)  |2 MRF 
080 |a (437.319)  |2 MRF 
080 |a (082.2)  |2 MRF 
080 |a (084.12)  |2 MRF 
100 1 |a Klesalová, Zdeňka  |4 aut 
245 1 0 |a Lodhéřov, Studnice a Najdek :  |b 1294-2024 : vydáno u příležitosti 730 let první písemné zmínky o obci a 75 let o založení TJ Sokol /  |c Zdeňka Klesalová, Jitka Matoušková 
250 |a První vydání 
264 1 |a Jindřichův Hradec :  |b Rain tiskárna s.r.o.,  |c 2024 
300 |a 138 stran :  |b ilustrace (převážně barevné), portréty ;  |c 21 cm 
336 |a text  |b txt  |2 rdacontent 
336 |a statický obraz  |b sti  |2 rdacontent 
337 |a bez média  |b n  |2 rdamedia 
338 |a svazek  |b nc  |2 rdacarrier 
500 |a 200 výtisků 
651 7 |a Lodhéřov (Česko)  |7 ge339300  |x dějiny  |2 czenas 
651 7 |a Studnice (Lodhéřov, Česko)  |7 ge340787  |x dějiny  |2 czenas 
651 7 |a Najdek (Lodhéřov, Česko)  |7 ge673886  |x dějiny  |2 czenas 
651 9 |a Lodhéřov (Czechia)  |x history  |2 eczenas 
651 9 |a Studnice (Lodhéřov, Czechia)  |x history  |2 eczenas 
651 9 |a Najdek (Lodhéřov, Czechia)  |x history  |2 eczenas 
655 7 |a jubilejní publikace  |7 fd131839  |2 czenas 
655 7 |a fotografické publikace  |7 fd132276  |2 czenas 
655 9 |a jubilee books  |2 eczenas 
655 9 |a photographical works  |2 eczenas 
700 1 |a Matoušková, Jitka  |4 aut 
910 2 |a BOA001  |b 2-1548.334 
990 |a BK 
995 |a 60 
991 |b 202508  |c NOV 
996 6 |b 2611010294  |c 2-1548.334  |l MZK  |r Sklad / do 1 hodiny  |n 0  |p p.v.  |w 002014075  |u 000010  |a 1  |e BOA001  |j MZK50  |s P